[Event "Belem Leao Memorial"]
[Site "Belem"]
[Date "2015.06.07"]
[Round "5"]
[White "Da Cunha, Giovanni Maciel"]
[Black "Reis, Virginia Lagrange M"]
[Result "1-0"]
[WhiteElo "2008"]
[BlackElo "1885"]
[PlyCount "91"]
[EventDate "2015.06.05"]
[EventType "swiss"]
[EventRounds "6"]
[EventCountry "BRA"]
[SourceTitle "EXT 2018"]
[Source "ChessBase"]
[SourceDate "2017.10.13"]
[SourceVersion "1"]
[SourceVersionDate "2017.10.13"]
[SourceQuality "1"]

1. e4 c5 2. Nf3 d6 3. d4 cxd4 4. Nxd4 Nc6 5. Nc3 g6 6. Be3 Bg7 7. Qd2 Bd7 8. Bc4 Ne5 9. Bb3 Ng4 10. h4 Nxe3 11. Qxe3 Nf6 12. f3 h5 13. 0-0-0 Bh6 14. f4 Ng4 15. Qf3 0-0 16. Kb1 Rc8 17. f5 Ne5 18. Qe2 Kh7 19. Nf3 Ng4 20. Ng5+ Kg7 21. Rhf1 Rxc3 22. bxc3 Qb6 23. Rd4 Bb5 24. Qe1 Bxf1 25. Qxf1 Bxg5 26. hxg5 Qc5 27. Qe1 b5 28. Rd5 Qc6 29. Qd2 a5 30. Qd4+ Ne5 31. f6+ exf6 32. gxf6+ Kg8 33. Rxd6 Qe8 34. Qa7 Nc4 35. Bxc4 bxc4 36. Qe3 Kh7 37. e5 Qb5+ 38. Kc1 Re8 39. e6 Rxe6 40. Rxe6 fxe6 41. Qa7+ Kh6 42. Qg7+ Kg5 43. f7 Qc5 44. f8Q Qg1+ 45. Kb2 Qb6+ 46. Ka3 1-0

[Event "Belem Leao Memorial"]
[Site "Belem"]
[Date "2015.06.05"]
[Round "1"]
[White "Da Cunha, Giovanni Maciel"]
[Black "Almeira, Luis Fernando Silva"]
[Result "1-0"]
[WhiteElo "2008"]
[BlackElo "1565"]
[PlyCount "35"]
[EventDate "2015.06.05"]
[EventType "swiss"]
[EventRounds "6"]
[EventCountry "BRA"]
[SourceTitle "EXT 2016"]
[Source "ChessBase"]
[SourceDate "2015.10.08"]
[SourceVersion "1"]
[SourceVersionDate "2015.10.08"]
[SourceQuality "1"]

1. e4 e6 2. d4 d5 3. Nc3 c5 4. Bb5+ Bd7 5. exd5 exd5 6. Bf4 Ne7 7. Qe2 Bc6 8. dxc5 a6 9. Bxc6+ bxc6 10. Nf3 f6 11. Nd4 Qd7 12. Na4 Qb7 13. Nb6 Ra7 14. Nf5 Kd8 15. Nd6 Ng6 16. Qe8+ Kc7 17. Nxb7+ Nxf4 18. Qc8# 1-0

[Event "Belem Velha op 3rd"]
[Site "Belem"]
[Date "2015.04.30"]
[Round "1"]
[White "Da Cunha, Giovanni Maciel"]
[Black "De Macena, Francois Rodrigues"]
[Result "1-0"]
[WhiteElo "2019"]
[BlackElo "1800"]
[PlyCount "25"]
[EventDate "2015.04.30"]
[EventType "swiss"]
[EventRounds "7"]
[EventCountry "BRA"]
[SourceTitle "CBM 166 Extra"]
[Source "ChessBase"]
[SourceDate "2015.06.18"]
[SourceVersion "1"]
[SourceVersionDate "2015.06.18"]
[SourceQuality "1"]

1. e4 b6 2. d4 Bb7 3. Bd3 e6 4. c4 h6 5. Nc3 Nc6 6. Nge2 Nb4 7. Bb1 Nc6 8. 0-0 Be7 9. d5 Ne5 10. b3 Nf6 11. h3 0-0 12. f4 Bc5+ 13. Kh1 1-0

[Event "Belem Velha op 2nd"]
[Site "Belem"]
[Date "2015.02.18"]
[Round "9"]
[White "Martins, Clauber Figueiredo"]
[Black "Da Cunha, Giovanni Maciel"]
[Result "1-0"]
[WhiteElo "1995"]
[BlackElo "2050"]
[PlyCount "125"]
[EventDate "2015.02.13"]
[EventType "swiss"]
[EventRounds "9"]
[EventCountry "BRA"]
[SourceTitle "CBM 164 Extra"]
[Source "ChessBase"]
[SourceDate "2015.03.02"]
[SourceVersion "1"]
[SourceVersionDate "2015.03.02"]
[SourceQuality "1"]

1. d4 Nf6 2. c4 g6 3. Nc3 Bg7 4. e4 d6 5. Be2 0-0 6. Be3 e5 7. d5 Ne8 8. Qd2 f5 9. Bg5 Nf6 10. 0-0-0 f4 11. f3 Na6 12. Bh4 Bd7 13. g3 h6 14. gxf4 exf4 15. Bf2 Qe8 16. Bd4 b6 17. Bd3 Nc5 18. Bc2 a5 19. Nge2 Nh5 20. Rdg1 Be5 21. Bxe5 dxe5 22. Qe1 Kh7 23. Qh4 a4 24. Rd1 Nb7 25. Rhg1 Nd6 26. Bd3 Ra5 27. Nb5 Nxb5 28. cxb5 Bxb5 29. Bxb5 Rxb5 30. Nc3 Rc5 31. d6 a3 32. dxc7 Rxc7 33. Rd6 axb2+ 34. Kxb2 g5 35. Qf2 Qe7 36. Rxb6 Ra8 37. Nd5 Qa3+ 38. Ka1 Rca7 39. Rg2 Qc1+ 40. Rb1 Qc4 41. Nb4 Qc3+ 42. Qb2 Qxf3 43. Re2 Nf6 44. Rbe1 Ng4 45. Rd2 Ra3 46. Rd7+ Kg6 47. Rd6+ Kh5 48. h3 Ne3 49. h4 Nc4 50. hxg5 hxg5 51. Qh2+ Kg4 52. Rg1+ Qg3 53. Rh6 Kf3 54. Qh1+ Ke3 55. Rxg3+ fxg3 56. Nc2+ Kd3 57. Nxa3 Rxa3 58. Rc6 Ne3 59. Qb1+ Ke2 60. Qb2+ Kf3 61. Qxa3 g2 62. Rc1 Kxe4 63. Re1 1-0

[Event "Belem Velha op 2nd"]
[Site "Belem"]
[Date "2015.02.17"]
[Round "7"]
[White "Alves, Sergio Carlos"]
[Black "Da Cunha, Giovanni Maciel"]
[Result "0-1"]
[WhiteElo "1897"]
[BlackElo "2050"]
[PlyCount "86"]
[EventDate "2015.02.13"]
[EventType "swiss"]
[EventRounds "9"]
[EventCountry "BRA"]
[SourceTitle "CBM 164 Extra"]
[Source "ChessBase"]
[SourceDate "2015.03.02"]
[SourceVersion "1"]
[SourceVersionDate "2015.03.02"]
[SourceQuality "1"]

1. d4 Nf6 2. Nf3 g6 3. c4 Bg7 4. Nc3 0-0 5. e4 d6 6. Be2 e5 7. 0-0 Nc6 8. d5 Ne7 9. Ne1 Nd7 10. Be3 f5 11. f3 f4 12. Bf2 g5 13. b4 Nf6 14. c5 Ng6 15. Nd3 Rf7 16. Rc1 Bf8 17. cxd6 cxd6 18. Nb5 a6 19. Na3 Bd7 20. Nc4 Rc8 21. Nxd6 Bxd6 22. Nc5 Qf8 23. a3 Rc7 24. Ne6 Bxe6 25. dxe6 Rg7 26. Bc4 Kh8 27. Bb6 Rc6 28. Bf2 b5 29. Bd5 Rxc1 30. Qxc1 g4 31. Bb6 Nh4 32. Bf2 Ng6 33. Bc5 gxf3 34. Bxd6 Qxd6 35. Rxf3 Nh4 36. Rf2 Ng4 37. Rc2 Qb6+ 38. Rc5 h6 39. g3 Nf3+ 40. Kg2 Ngxh2 41. e7 Rxg3+ 42. Kh1 Qg6 43. Rc8+ Kh7 0-1

[Event "Belem Velha op 2nd"]
[Site "Belem"]
[Date "2015.02.17"]
[Round "8"]
[White "Da Cunha, Giovanni Maciel"]
[Black "Reis, Alan de Albuquerque"]
[Result "1-0"]
[WhiteElo "2050"]
[BlackElo "2074"]
[PlyCount "106"]
[EventDate "2015.02.13"]
[EventType "swiss"]
[EventRounds "9"]
[EventCountry "BRA"]
[SourceTitle "CBM 164 Extra"]
[Source "ChessBase"]
[SourceDate "2015.03.02"]
[SourceVersion "1"]
[SourceVersionDate "2015.03.02"]
[SourceQuality "1"]

1. Nf3 d5 2. g3 Nf6 3. Bg2 Bf5 4. d3 e6 5. 0-0 Be7 6. Nh4 Bg4 7. h3 Bh5 8. Nf3 h6 9. Bf4 Nbd7 10. Nbd2 0-0 11. e4 e5 12. g4 exf4 13. gxh5 dxe4 14. dxe4 Bc5 15. c3 Qe7 16. Nd4 Ne5 17. Nf5 Qe6 18. Qe2 Rad8 19. Nf3 Nxf3+ 20. Bxf3 Nd7 21. Kh2 Kh7 22. Rg1 g6 23. Nh4 Ne5 24. Bg4 Qe7 25. Nf3 Nd3 26. Rg2 f5 27. hxg6+ Kg7 28. Bxf5 Rxf5 29. Rd1 Rfd5 30. Nd4 Bxd4 31. Qxd3 f3 32. exd5 Be5+ 33. Rg3 Rf8 34. Rdg1 h5 35. Kh1 Bxg3 36. Rxg3 Qe1+ 37. Rg1 Qxf2 38. Qe4 Qe2 39. Qxe2 fxe2 40. Kg2 Rf5 41. Re1 Rxd5 42. Rxe2 Kxg6 43. a4 Rd6 44. Re7 Rd2+ 45. Kg3 Rxb2 46. Rxc7 Rb3 47. Kh4 a6 48. Rc5 Ra3 49. Rg5+ Kf6 50. a5 Rxc3 51. Rxh5 Rb3 52. Kg4 Rb4+ 53. Kf3 Rb3+ 1-0

[Event "Belem Velha op 2nd"]
[Site "Belem"]
[Date "2015.02.16"]
[Round "6"]
[White "Da Cunha, Giovanni Maciel"]
[Black "Rocha, Vitor Firmo de Souz"]
[Result "0-1"]
[WhiteElo "2050"]
[BlackElo "2058"]
[PlyCount "90"]
[EventDate "2015.02.13"]
[EventType "swiss"]
[EventRounds "9"]
[EventCountry "BRA"]
[SourceTitle "CBM 164 Extra"]
[Source "ChessBase"]
[SourceDate "2015.03.02"]
[SourceVersion "1"]
[SourceVersionDate "2015.03.02"]
[SourceQuality "1"]

1. b3 e5 2. Bb2 Nc6 3. c4 f5 4. e3 Nf6 5. a3 a5 6. Qc2 d6 7. d3 g6 8. Nd2 Bg7 9. Ngf3 Qe7 10. Be2 0-0 11. 0-0 Bd7 12. Rac1 Rae8 13. Rfd1 h6 14. Bf1 g5 15. g3 Kh8 16. Bg2 Nh5 17. Re1 Qf7 18. d4 e4 19. d5 exf3 20. dxc6 fxg2 21. cxd7 Qxd7 22. Bxg7+ Nxg7 23. Kxg2 b6 24. Kg1 Rf6 25. Rcd1 Qc6 26. e4 f4 27. Qc3 Ref8 28. gxf4 Rxf4 29. Re2 Kg8 30. Qd3 Qd7 31. Rde1 Qg4+ 32. Kh1 Rxf2 33. Rxf2 Rxf2 34. Rg1 Qh5 35. Nf1 Qf3+ 36. Qxf3 Rxf3 37. Nd2 Rd3 38. Rg2 Ne6 39. b4 Rxa3 40. bxa5 bxa5 41. Kg1 Nf4 42. Rg4 Kf7 43. h4 h5 44. Rxf4+ gxf4 45. c5 Ra1+ 0-1

[Event "Belem Velha op 2nd"]
[Site "Belem"]
[Date "2015.02.14"]
[Round "3"]
[White "Da Cunha, Giovanni Maciel"]
[Black "Moraes, Nelson da Silva"]
[Result "0-1"]
[WhiteElo "2050"]
[BlackElo "2227"]
[PlyCount "118"]
[EventDate "2015.02.13"]
[EventType "swiss"]
[EventRounds "9"]
[EventCountry "BRA"]
[SourceTitle "CBM 164 Extra"]
[Source "ChessBase"]
[SourceDate "2015.03.02"]
[SourceVersion "1"]
[SourceVersionDate "2015.03.02"]
[SourceQuality "1"]

1. b3 e5 2. Bb2 Nc6 3. c4 Nf6 4. e3 d5 5. cxd5 Nxd5 6. a3 Bd6 7. Qc2 0-0 8. Nf3 Re8 9. d3 Qf6 10. Nbd2 Qg6 11. g3 a5 12. Bg2 Bd7 13. 0-0 Nb6 14. Nh4 Qe6 15. Ne4 Qe7 16. Rfe1 f5 17. Nc3 Qg5 18. Nd5 Nxd5 19. Bxd5+ Kh8 20. Ng2 Rf8 21. f4 Qe7 22. fxe5 Bxe5 23. d4 Bf6 24. Nf4 Qd6 25. Bg2 g6 26. Rac1 Rac8 27. Nd3 Nd8 28. Ne5 Be8 29. Nc4 Qa6 30. Bc3 a4 31. Bb4 axb3 32. Qxb3 Ba4 33. Qb1 Nc6 34. Bxf8 Rxf8 35. Ne5 Nxe5 36. dxe5 Bxe5 37. Qxb7 Qxb7 38. Bxb7 Rb8 39. Bc6 Bb3 40. Rb1 Rb6 41. Rec1 Ba2 42. Rxb6 cxb6 43. a4 Bd6 44. Kf2 Kg7 45. h4 Kf6 46. Kf3 Ke5 47. e4 Be6 48. exf5 Bxf5 49. g4 Be6 50. Re1+ Kf6 51. g5+ Kf7 52. Rd1 Be7 53. Rb1 Bc5 54. Ke4 Bf5+ 55. Kf3 Bxb1 56. Kg3 Bf5 57. h5 Be3 58. hxg6+ hxg6 59. Kh4 Bf2# 0-1

[Event "Para State-ch final"]
[Site "Ananindeua"]
[Date "2014.12.21"]
[Round "5"]
[White "Da Cunha, Giovanni Maciel"]
[Black "Leao, Flavio Sanchez"]
[Result "1-0"]
[WhiteElo "2020"]
[BlackElo "1818"]
[PlyCount "55"]
[EventDate "2014.12.19"]
[EventType "swiss"]
[EventRounds "5"]
[EventCountry "BRA"]
[SourceTitle "EXT 2018"]
[Source "ChessBase"]
[SourceDate "2017.10.13"]
[SourceVersion "1"]
[SourceVersionDate "2017.10.13"]
[SourceQuality "1"]

1. d4 Nf6 2. Nf3 g6 3. c4 Bg7 4. e3 0-0 5. Bd3 d6 6. b3 c5 7. Bb2 Nc6 8. Nbd2 Nb4 9. Bb1 Bd7 10. a3 Na6 11. 0-0 b5 12. Bd3 Nc7 13. Qe2 bxc4 14. bxc4 Rb8 15. Rfb1 cxd4 16. Bxd4 Rxb1+ 17. Rxb1 Qa8 18. c5 Ne6 19. cxd6 Nxd4 20. Nxd4 exd6 21. Nc4 Ne4 22. Qb2 Bc6 23. Bf1 Ng5 24. Qb4 Rd8 25. Re1 Qc8 26. h4 Ne6 27. Nxe6 fxe6 28. Nxd6 1-0